Sigmund Freud : (Record no. 10019)
[ view plain ]
| 000 -LEADER | |
|---|---|
| fixed length control field | 00789cac a22002171u 4500 |
| 090 ## - LOCALLY ASSIGNED LC-TYPE CALL NUMBER (OCLC); LOCAL CALL NUMBER (OCLC) | |
| -- | 10019 |
| 008 - FIXED-LENGTH DATA ELEMENTS--GENERAL INFORMATION | |
| fixed length control field | 081105t1978 xxu||||| |||| 00| 0 eng d |
| 020 ## - INTERNATIONAL STANDARD BOOK NUMBER | |
| International Standard Book Number | 0393302857 |
| 082 1# - DEWEY DECIMAL CLASSIFICATION NUMBER | |
| Classification number | 150.19520924 |
| Item number | SIG |
| 245 10 - TITLE STATEMENT | |
| Title | Sigmund Freud : |
| Remainder of title | his life in pictures and words / |
| Statement of responsibility, etc | edited by Ernst Freud...[et.al.] with bio sketch by K.R. Eissler, translation by Christine Trollope and design by Willy Fleckhaus. |
| 260 ## - PUBLICATION, DISTRIBUTION, ETC. (IMPRINT) | |
| Place of publication, distribution, etc | New York : |
| Name of publisher, distributor, etc | W.W. Norton & Company, |
| Date of publication, distribution, etc | c1978. |
| 300 ## - PHYSICAL DESCRIPTION | |
| Extent | 350 p. : |
| Other physical details | ill.; |
| Dimensions | 32 cm. |
| 500 ## - GENERAL NOTE | |
| General note | Includes notes and index. |
| 500 ## - GENERAL NOTE | |
| General note | Distributer: Al-Ahram. |
| 511 ## - PARTICIPANT OR PERFORMER NOTE | |
| Participant or performer note | Catalogued by: Sara. |
| 700 1# - ADDED ENTRY--PERSONAL NAME | |
| Personal name | Freud, Ernst |
| 9 (RLIN) | 38048 |
| 700 1# - ADDED ENTRY--PERSONAL NAME | |
| Personal name | Eissler, K.R. |
| 700 1# - ADDED ENTRY--PERSONAL NAME | |
| Personal name | Trollope, Christine |
| 9 (RLIN) | 40164 |
| 700 1# - ADDED ENTRY--PERSONAL NAME | |
| Personal name | Fleckhaus, Willy |
| 942 ## - ADDED ENTRY ELEMENTS (KOHA) | |
| Item type | Book - Borrowing |
| Call number prefix | 150.19520924SIG |
| Source of classification or shelving scheme | Dewey Decimal Classification |
| Withdrawn status | Item status | Damaged status | Not for loan | Home library | Current library | Shelving location | Date acquired | Source of acquisition | Total Checkouts | Total Renewals | Full call number | Barcode | Date last seen | Date last borrowed | Koha item type |
|---|---|---|---|---|---|---|---|---|---|---|---|---|---|---|---|
| Central Library | Central Library | Lower Floor | 27/07/2008 | Purchase | 3 | 6 | 150.19520924SIG | 000013455 | 15/07/2025 | 15/10/2016 | Book - Borrowing |